01111nam a2200265 i 450000100060000000300090000600500170001500700030003200800410003502000180007608000230009408000150011710000400013224501790017226000780035130000300042949000460045960000400050570000350054571000500058083000540063085200220068499900170070695201220072311742ES-MaACL20230906150151.0t|940913s1994 sp |||| |aspa j a84-87591-42-6 a929 Goldoni, Carlo a840-94"17"1 aGoldoni, Carlo (d1707-1793)95767310aMemorias del señor Goldoni, para servir a la historia de su vida y a la de su teatro b: dedicadas al Rey / cintroducción, traducción y notas de Borja Ortiz de Gondra. aMadrid : bAsociación de Directores de Escena de España, cD.L. 1994. a620 p. : bil. ; c23 cm.1 aTeoría y práctica del teatro ; vn. 314aGoldoni, Carlo (d1707-1793)9576731 aOrtiz de Gondra, Borja.9875932 aAsociación de Directores de Escena.91594130 aTeoría y práctica del teatro ; vn. 39184218 aES-MaACLjL-19039 c11742d11742 00104070aATENEOMbATENEOMcDEPO2d2008-01-17eSCl0oL-19039p1011967r2023-02-23 00:00:00w2023-02-23yMONOGRAFIA